000 nas a22 a 4500
999 _c1849
_d1849
003 AKMAL
005 20170526084657.0
008 170512c2002 my | | | ||eng d
039 9 _a200703150914
_bnoraini
_c200703141530
_dazah
_c200702231612
_dnoraini
040 _aAKMAL
_cAKMAL
041 0 _aeng a
049 0 0 _amal
082 0 4 _a339.52509595 BUD
_222
090 0 0 _a339.52509595
_bBUD
245 0 0 _a2016 Budget commentary & tax information
260 _aKuala Lumpur :
_bThe Malaysian Association Of Certified Public Accountants,
_c[2001]-
300 0 0 _av. :
_bill. ;
_c21cm
310 _aAnnual
362 0 0 _a(2002)
650 1 0 _aBudget
_zMalaysia
_vPeriodicals
_93833
650 2 0 _aTaxation
_zMalaysia
_vPeriodicals
_93834
651 2 0 _aMalaysia
_xAppropriations and expenditures
_vPeriodicals
_93835
710 2 _aMalaysian Institute of Taxation
_93836
710 2 _aInstitut Akauntan Malaysia
_93837
710 2 _aMalaysian Association of Certified Public Accountants
_93838
942 _2ddc
_cBOOK